000 00439nam a2200193Ia 4500
005 20250423095505.0
008 250422s9999 xx 000 0 und d
020 _a0-471-52278-3
050 _aQC23.S84/
100 _aMorton M. Sternheim
245 0 _aGeneral Physics
250 _a2nd ed.
260 _aNew York
260 _bJohn Wiley & Sons
260 _c1986
300 _a891 p
650 _a General Physics
942 _cBK
999 _c30431
_d30431